| 000 | 00786nam a22001937a 4500 | ||
|---|---|---|---|
| 999 |
_c16807 _d16807 |
||
| 003 | AR-CdUCM | ||
| 008 | 190506b ||||| |||| 00| 0 spa d | ||
| 040 |
_aMUNICIPALIDAD PROVINCIAL DEL CUSCO _cBIBLIOTECA MUNICIPAL DEL CUSCO |
||
| 082 |
_25ed. _a376.12 / _bM26 |
||
| 100 |
_aMartín del Campo, Concepción _936482 |
||
| 245 |
_aA ti, educadora : _btécnica de trabajo en los jardines de niños / |
||
| 260 |
_aMéxico, D.F : _bPax-México, _c1964. |
||
| 300 |
_a348 páginas ; _c20 cm. |
||
| 505 | _aContenido: Un poco de historia -- Jardines de niños en México -- Conoce a los niños -- Dale lo que piden -- Hazles desear lo que necesitan ... | ||
| 650 |
_aEducación infantil _912296 |
||
| 650 |
_aJardín de los niños _936483 |
||
| 942 |
_2ddc _cLIBROS |
||
| 945 |
_aacv _d2019-05-06 |
||